00400nam a2200121Ia 4500001000400000008004100004082003100045100006500076245008100141260001400222901002700236999001500263857241024s9999 xx 000 0 und d aRD/379.7293/R426es/2007-08 aRepública Dominicana.Secretaría de Estado de Educación 0aLa Escuela que queremos: Pautas para la apertura del año escolar 2007-2008 bSEEc2007 a6/12/2010 4:25:31 p.m. c8283d8283